| 000 | 00992nam0a22002771 4500 | ||
|---|---|---|---|
| 001 | v19\rc\2008428 | ||
| 005 | 20251118181421.3 | ||
| 035 | _a(NLR Aleph) 005090182 | ||
| 090 |
_a7288659 _c7288659 |
||
| 100 | _a20251123 rusy50 | ||
| 101 | 1 |
_arus _cita |
|
| 102 | _aRU | ||
| 105 | _ay z ||||| | ||
| 200 | 1 | _aИстория мучеников и церкви в Лентини | |
| 210 |
_aСанкт-Петербург _cФ.Г. Бажанов _d[190-?] |
||
| 215 |
_a175 с. _d26 |
||
| 300 | _aАвт. установлен по изд.: Pagliani A. Catalogo generale della liberia Italiana dall'anno 1847 a tutto il 1899. Indice per materie. G-P. Milano, 1915, p. 219 | ||
| 700 | 1 |
_aПизано Баудо _bС. _gСебастьяно |
|
| 790 | 1 |
_aБаудо _bС. _gСебастьано |
|
| 801 | 0 |
_aRU _bNLR _gpsbo |
|
| 801 | 0 |
_aRU _bRuMoRGB _2psbo |
|
| 801 | 1 |
_aRU _bProSoft-M _2rusmarc |
|
| 852 |
_aNLR _j83-7/457 |
||
| 899 |
_aRuMoRGB _jR 440/295 |
||
| 942 | _cBOOK | ||
| 980 | _aNB | ||